東京都23区の坂クイズ Part1 - Statistics

General Stats
  • This quiz has been taken 15 times
  • The average score is 5 of 124
Answer Stats
所在地 答え % Correct
九段北3丁目 | 大塚5丁目 | 本郷2丁目 | 隼町 富士見坂
50%
紀尾井町 紀尾井坂
30%
九段北1丁目 九段坂
30%
千駄木3丁目 団子坂
20%
神田駿河台2丁目 幽霊坂
20%
小石川3丁目 三百坂
10%
小石川2丁目 善光寺坂
10%
小石川4丁目 播磨坂
10%
小日向1丁目 切支丹坂
10%
小日向2丁目 大日坂
10%
小日向4丁目 茗荷坂
10%
千石3丁目 猫又坂
10%
五番町 | 本郷1丁目 | 永田町21丁目 | +2 others 新坂
10%
湯島1丁目 湯島坂
10%
神田淡路町2丁目 淡路坂
10%
九段北1丁目 | 平河町1丁目 中坂
10%
千代田皇居東御苑内 汐見坂
10%
隼町 三宅坂
10%
永田町1丁目 茱萸坂
10%
霞ケ関3丁目 潮見坂
10%
大塚3丁目 白鷺坂
0%
大塚5丁目 希望の坂
0%
大塚6丁目 開運坂
0%
音羽1丁目 鼠坂
0%
春日1丁目 安藤坂
0%
春日2丁目 金剛寺坂
0%
春日2丁目 今井坂
0%
小石川5丁目 湯立坂
0%
小石川2丁目 六角坂
0%
小石川2丁目 堀坂
0%
小日向1丁目 蛙坂
0%
小日向1丁目 横町坂
0%
小日向1丁目 荒木坂
0%
小日向1丁目 薬罐坂
0%
小日向1丁目 服部坂
0%
小日向2丁目 鷺坂
0%
小日向4丁目 庚申坂
0%
小日向4丁目 釈迦坂
0%
小日向4丁目 藤坂
0%
関口2丁目 胸突坂
0%
関口2丁目 目白坂
0%
関口3丁目 7丁目坂
0%
関口3丁目 目白新坂
0%
千石2丁目 氷川坂
0%
千石2丁目 網干坂
0%
千駄木3丁目 大給坂
0%
西片2丁目 曙坂
0%
根津1丁目 おばけ階段
0%
白山1丁目 薬師坂
0%
白山1丁目 浄心寺坂
0%
白山2丁目 御殿坂
0%
白山4丁目 逸見坂
0%
本郷1丁目 建部坂
0%
本郷1丁目 お茶の水坂
0%
本郷1丁目 忠弥坂
0%
本郷1丁目 旧東富坂
0%
本郷1丁目 新壱岐坂
0%
本郷2丁目 油坂
0%
本郷4丁目 本妙寺坂
0%
本郷4丁目 鐙坂
0%
本郷4丁目 見送り坂
0%
本郷4丁目 炭団坂
0%
本郷5丁目 | 永田町1丁目 梨木坂
0%
目白台1丁目 小布施坂
0%
目白台1丁目 日無坂
0%
目白台2丁目 清戸坂
0%
目白台1丁目 豊坂
0%
目白台3丁目 鉄砲坂
0%
目白台3丁目 3丁目坂
0%
目白台3丁目 鳥尾坂
0%
弥生2丁目 異人坂
0%
湯島1丁目 昌平坂
0%
湯島1丁目 樹木谷坂
0%
湯島2丁目 傘谷坂
0%
湯島2丁目 横見坂
0%
湯島3丁目 妻恋坂
0%
湯島3丁目 実盛坂
0%
湯島3丁目 立爪坂
0%
湯島3丁目 三組坂
0%
一番町 五味坂
0%
一番町 南法眼坂
0%
一番町 永井坂
0%
一番町 袖摺坂
0%
霞が関2丁目 霞が関坂
0%
神田淡路町2丁目 観音坂
0%
神田駿河台2丁目 紅梅坂
0%
神田駿河台2丁目 皀角坂
0%
神田駿河台2丁目 雁木坂
0%
紀尾井町 清水谷坂
0%
北の丸公園 紀伊国坂
0%
九段北1丁目 冬青木坂
0%
九段北3丁目 一口坂
0%
九段南4丁目 帯坂
0%
麹町2丁目 正和新坂
0%
麹町3丁目 善国寺坂
0%
五番町 | 霞ケ関3丁目 三年坂
0%
猿楽町2丁目 小栗坂
0%
三番町 御厩谷坂
0%
三番町 鍋割坂
0%
三番町 行人坂
0%
三番町 東郷坂
0%
神田駿河台1丁目 錦華坂
0%
神田駿河台1丁目 吉郎坂
0%
神田駿河台1丁目 文坂
0%
神田駿河台1丁目 池田坂
0%
神田駿河台1丁目 甲賀坂
0%
外神田2 明神男坂
0%
千代田皇居東御苑内 梅林坂
0%
永田町2丁目 山王女坂
0%
永田町2丁目 山王坂
0%
永田町2丁目 三べ坂
0%
平河町2丁目 諏訪坂
0%
平河町1丁目 貝坂
0%
富士見1丁目 二合半坂
0%
No matching quizzes found
Score Distribution
Percent of People with Each Score
Percentile by Number Answered
Your Score History
You have not taken this quiz